Jaws Movie Quiz - Statistics

General Stats
  • This quiz has been taken 913 times
  • The average score is 14 of 25
Answer Stats
Hint Answer % Correct
What species is the killer shark? Great White Shark
94%
What year was Jaws released? 1975
90%
Finish the sentence: "You're gonna need a..." bigger boat.
87%
Who directed Jaws? Steven Spielberg
87%
What was the name of the island on which the movie is set? Amity Island
83%
What color were extras directed not to wear while swimming? Red
81%
What species of shark was mistaken for the killer after a fisherman caught it? Tiger Shark
79%
Who composed the movie's soundtrack? John Williams
69%
What was the name Quint's boat? Orca
68%
What American film studio distributed Jaws? Universal Pictures
62%
What objects did Quint use in his attempt to wear out the shark? Flotation Barrels
59%
What actor played Matt Hooper? Richard Dreyfuss
59%
Who wrote the novel on which the movie is based? Peter Benchley
55%
Footage of real sharks was filmed off the coast of this country. Australia
53%
What actor played Quint the shark hunter? Robert Shaw
53%
Quint was once a sailor assigned to what sunken World War II ship? USS Indianapolis
52%
What nickname did the film crew give the pneumatically powered sharks? Bruce
51%
What actor played Martin Brody? Roy Scheider
51%
Quint resembled this fictional character, the obsessed captain of the Pequod. Captain Ahab
41%
What was the name of the shark's first victim? Chrissie Watkins
36%
During the shark autopsy, Hooper pulls out a license plate from this State. Louisiana
36%
At what location was the majority of the movie shot? Martha's Vineyard
34%
What type of knot did Quint order Hooper to tie? Sheepshank
23%
What real life event inspired the writing of the novel? 1916 Jersey Shore shark attacks
13%
Jaws won three Oscars: Best Original Score, Best Sound Mixing, and what? Best Film Editing
5%
No matching quizzes found
Score Distribution
Percent of People with Each Score
Percentile by Number Answered
Your Score History
You have not taken this quiz